000 00579nam a22002051a 4500
001 6892
003 OSt
005 20260204212107.0
008 060905s2003||||mx ||||||b||||||||||spa||
020 _a970686247I
050 _a330 L838m
100 _aLameli Ortega, Hector
245 _aMétodos dinámicos en economía: Otra búsqueda del tiempo perdido / Hector Lameli Ortega e Irma Beatríz Rumbos Pellicer
264 _aMéxico : Thomson
300 _a544 p
500 _aIncluye bibliografía
650 _a1.Economía
700 _aRumbos, BeatrízÌ
942 _2ddc
_cBK
999 _c6892
_d6892